[Event "Eschborn op"]
[Site "Eschborn"]
[Date "2018.10.06"]
[Round "2"]
[White "Haas, Vanessa"]
[Black "Pillai Stephen Alp, Anthoni Samy"]
[Result "0-1"]
[WhiteElo "1608"]
[BlackElo "1193"]
[PlyCount "88"]
[EventDate "2018.10.05"]
[EventType "swiss"]
[EventRounds "5"]
[EventCountry "GER"]
[SourceTitle "CBM 187 Extra"]
[Source "ChessBase"]
[SourceDate "2018.11.04"]
[SourceVersion "1"]
[SourceVersionDate "2018.11.04"]
[SourceQuality "1"]

1. e4 e5 2. Nf3 d6 3. h3 Nf6 4. d3 h6 5. c3 Nc6 6. Be3 d5 7. exd5 Nxd5 8. d4 e4 9. Nfd2 Nxe3 10. fxe3 Qh4+ 11. g3 Qxg3+ 12. Ke2 Qh4 13. Bg2 Bf5 14. Qf1 Bg6 15. Qf2 Qxf2+ 16. Kxf2 f5 17. Rg1 Be7 18. Bxe4 Bh4+ 19. Kf1 fxe4 20. Rxg6 0-0+ 21. Kg2 Rf2+ 22. Kg1 Re8 23. Rg4 g5 24. Rxh4 Re2 25. Rxe4 Rxe4 26. Nxe4 Rxe3 27. Nf2 Re1+ 28. Kg2 Ne7 29. Ng4 Kg7 30. Kf2 Rh1 31. Kg2 Rc1 32. Ne3 Kg6 33. a4 a5 34. Nc4 b6 35. Ncd2 Nf5 36. Ra2 Ne3+ 37. Kf3 Nf1 38. Ke2 Ng3+ 39. Kf2 Nh5 40. b4 Nf4 41. bxa5 bxa5 42. Rb2 Nd3+ 43. Kg3 Nxb2 44. c4 Nxc4 0-1